World capital cities with "port" in their names - Statistics

General Stats
  • This quiz has been taken 50 times
  • The average score is 4 of 6
Answer Stats
Answer % Correct
Port au Prince
80%
Port of Spain
72%
Port Moresby
67%
Port Louis
65%
Port Vila
63%
Porto Novo
54%
No matching quizzes found
Score Distribution
Percent of People with Each Score
Percentile by Number Answered
Your Score History
You have not taken this quiz